| 000 | 00615nam a2200193Ia 4500 | ||
|---|---|---|---|
| 005 | 20250423100929.0 | ||
| 008 | 250422s9999 xx 000 0 und d | ||
| 020 | _a9789996002557 | ||
| 050 | _aRC 801 .G384/ | ||
| 100 | _aEdited by Mark Feldman; Lawrence S. Friedman & Lawrence J. Brandt | ||
| 245 | 0 | _aSleisenger and Fordtran’s gastrointestinal and liver disease: pathophysiology/diagnosis/management (Vol. 1) | |
| 250 | _a8th ed. | ||
| 260 | _aPhiladelphia | ||
| 260 | _bSaunders | ||
| 260 | _c2006 | ||
| 300 | _a1540 p | ||
| 650 | _a Gastrointestinal Diseases. Liver Diseases. | ||
| 942 | _cBK | ||
| 999 |
_c34776 _d34776 |
||